| 000 | 00562pam a2200205 a 4500 | ||
|---|---|---|---|
| 020 | _c | ||
| 040 | _aMedical College Lib. | ||
| 041 |
_aENG _hENG |
||
| 082 |
_a618.1 _bSPE |
||
| 100 | _aSperoff , L. . | ||
| 245 |
_aClinical Gynecologic Endocrinology & Infertility / _c _hTextual Documents |
||
| 250 |
_a6th / _b. |
||
| 260 |
_a : _bLippincott Williiams & Wilkins , _c1999. |
||
| 300 |
_a736 ; _c |
||
| 365 | _a3,472=00 | ||
| 653 |
_aObst & Gynac _aMedical Science |
||
| 930 | _a2144 | ||
| 999 |
_c2143 _d2143 |
||